The fellowship of being: (Record no. 126275)
[ view plain ]
| 000 -LEADER | |
|---|---|
| fixed length control field | 00891cam a22002771 4500 |
| 001 - CONTROL NUMBER | |
| control field | 8016048 |
| 003 - CONTROL NUMBER IDENTIFIER | |
| control field | ARRUPE |
| 005 - DATE AND TIME OF LATEST TRANSACTION | |
| control field | 20170310142120.0 |
| 008 - FIXED-LENGTH DATA ELEMENTS--GENERAL INFORMATION | |
| fixed length control field | 740501s19661967ne b 000 0 eng |
| 010 ## - LIBRARY OF CONGRESS CONTROL NUMBER | |
| LC control number | 67082051 |
| 015 ## - NATIONAL BIBLIOGRAPHY NUMBER | |
| National bibliography number | Ne67-2 |
| 035 ## - SYSTEM CONTROL NUMBER | |
| System control number | (OCoLC)875631 |
| 040 ## - CATALOGING SOURCE | |
| Original cataloging agency | DLC |
| Transcribing agency | OTU |
| Modifying agency | OCoLC |
| -- | DLC |
| 042 ## - AUTHENTICATION CODE | |
| Authentication code | premarc |
| 050 00 - LIBRARY OF CONGRESS CALL NUMBER | |
| Classification number | B2430.M254 |
| Item number | O4 |
| 082 ## - DEWEY DECIMAL CLASSIFICATION NUMBER | |
| Classification number | 111 |
| 300 ## - PHYSICAL DESCRIPTION | |
| Dimensions | 24 cm. |
| 100 1# - MAIN ENTRY--PERSONAL NAME | |
| Personal name | O'Malley, John B. |
| 9 (RLIN) | 29314 |
| 245 14 - TITLE STATEMENT | |
| Title | The fellowship of being: |
| Remainder of title | an essay on the concept of person in the philosophy of Gabriel Marcel, |
| Statement of responsibility, etc | by John B. OMĖalley. |
| 260 ## - PUBLICATION, DISTRIBUTION, ETC. (IMPRINT) | |
| Place of publication, distribution, etc | The Hague, |
| Name of publisher, distributor, etc | Martinus Nijhoff, |
| Date of publication, distribution, etc | 1966 [1967] |
| 300 ## - PHYSICAL DESCRIPTION | |
| Extent | x, 142 p. |
| 504 ## - BIBLIOGRAPHY, ETC. NOTE | |
| Bibliography, etc | Bibliography: p. [ix]-x. |
| 600 10 - SUBJECT ADDED ENTRY--PERSONAL NAME | |
| Personal name | Marcel, Gabriel, |
| Dates associated with a name | 1889-1973. |
| 9 (RLIN) | 4472 |
| 650 #0 - SUBJECT ADDED ENTRY--TOPICAL TERM | |
| Topical term or geographic name as entry element | Personalism. |
| 9 (RLIN) | 2153 |
| 906 ## - LOCAL DATA ELEMENT F, LDF (RLIN) | |
| a | 7 |
| b | cbc |
| c | oclcrpl |
| d | u |
| e | ncip |
| f | 19 |
| g | y-gencatlg |
| 942 ## - ADDED ENTRY ELEMENTS (KOHA) | |
| Source of classification or shelving scheme | Library of Congress Classification |
| Koha item type | Monograph ( Printed materials) |
| Withdrawn status | Lost status | Source of classification or shelving scheme | Damaged status | Not for loan | Home library | Current library | Date acquired | Total Checkouts | Full call number | Barcode | Date last seen | Date checked out | Price effective from | Koha item type |
|---|---|---|---|---|---|---|---|---|---|---|---|---|---|---|
| Library of Congress Classification | ARRUPE LIBRARY | ARRUPE LIBRARY | 10/03/2017 | 5 | B2430.M254 O4 | 46410234 | 18/05/2018 | 22/01/2018 | 10/03/2017 | Monograph ( Printed materials) |